000
00279nam a2200121Ia 4500
008
190216s9999||||xx |||||||||||||| ||und||
100
_a
Taussig F W
245
0
_a
Principles Of Economics
260
_b
Magmillan &co Ltd
_c
1946
300
_a
595p
650
_a
Commerce
942
_c
BK
999
_c
4459
_d
4459